Listed Terrorist Entities by the government of Canada - Statistics

General Stats
  • This quiz has been taken 35 times
  • The average score is 8 of 77
Answer Stats
Answer % Correct
Islamic State
91%
Al-Qaeda
72%
Hizballah
56%
HAMAS
53%
Taliban
47%
Boko Haram
44%
Al Shabaab
28%
Proud Boys
28%
Islamic State – Khorasan Province
25%
Liberation Tigers of Tamil Eelam
25%
Islamic State in Libya
19%
Islamic State West Africa Province
16%
Islamic State - Bangladesh
13%
Islamic State in the Greater Sahara
13%
Kurdistan Workers Party
13%
Islamic State – Democratic Republic of the Congo
9%
The Base
9%
Atomwaffen Division
6%
Babbar Khalsa International
6%
Fuerzas Armadas Revolucionarias de Colombia
6%
HASAM
6%
Hay'at Tahrir al-Sham
6%
Islamic State East Asia
6%
Islamic State – Sinai Province
6%
James Mason
6%
Three Percenters
6%
World Tamil Movement
6%
Abdallah Azzam Brigades
3%
Abu Nidal Organization
3%
Abu Sayyaf Group
3%
Al-Aqsa Martyrs' Brigade
3%
Al-Ashtar Brigades
3%
Al-Gama'a al-Islamiyya
3%
Al-Murabitoun
3%
Al-Muwaqi'un Bil Dima
3%
Al Qaida in the Arabian Peninsula
3%
Al Qaida in the Indian Subcontinent
3%
Al Qaida in the Islamic Maghreb
3%
Ansar al-Islam
3%
Ansar Dine
3%
Armed Islamic Group
3%
Aryan Strikeforce
3%
Asbat Al-Ansar
3%
Aum Shinrikyo
3%
Blood & Honour
3%
Caucasus Emirate
3%
Combat 18
3%
Ejército de Liberación Nacional
3%
Euskadi Ta Askatasuna
3%
Fatemiyoun Division
3%
Front de Libération du Macina
3%
Gulbuddin Hekmatyar
3%
Haqqani Network
3%
Harakat al-Sabireen
3%
Harakat ul-Mudjahidin
3%
Hezb-e Islami Gulbuddin
3%
Hizbul Mujahideen
3%
Indian Mujahideen
3%
International Relief Fund for the Afflicted and Needy
3%
International Sikh Youth Federation
3%
Islamic Movement of Uzbekistan
3%
Islamic Revolutionary Guard Corps' Qods Force
3%
Jaish-e-Mohammed
3%
Jama’at Nusrat Al-Islam Wal-Muslimin
3%
Jaysh Al-Muhajirin Wal-Ansar
3%
Jemaah Islamiyyah
3%
Kahane Chai
3%
Lashkar-e-Jhangvi
3%
Lashkar-e-Tayyiba
3%
Movement for Oneness and Jihad in West Africa
3%
Palestine Liberation Front
3%
Palestinian Islamic Jihad
3%
Popular Front for the Liberation of Palestine
3%
Popular Front for the Liberation of Palestine - General Command
3%
Russian Imperial Movement
3%
Sendero Luminoso
3%
Tehrik-e-Taliban Pakistan
3%
No matching quizzes found
Score Distribution
Percent of People with Each Score
Percentile by Number Answered
Your Score History
You have not taken this quiz